01010nam a22002417a 45000010005000000030006000050050017000110080041000280200018000690400029000870500016001160820009001321000021001412450047001622600038002093000043002475050007002905200370002975210028006675210018006956500022007137000033007358143FISKH20250828121121.0250828b cb ||||| |||| 00| 0 eng d a9780439993524 aFISKHbengcFISKHdFISKH aPN6110.C4 F a821  aCurry, Jennifer  aFamily poems /cCompiled by Jennifer Curry aNew York : bScholastic, c2002.  a124 pages : billustrations ; c20 cm  aK  aBrilliant poems to entertain your whole family. In here you'll find rhymes from favourite poets including Michael Rosen, Jack Prelutsky and Kit Wright, as well as some poems written by kids like you. There are happy poems and sad poems, funny poems and cheeky poems, plus lots of stroppy sisters, bratty brothers, daft dads - and grandmas giving sloppy kisses! Erk!8 a510 bLexile estimate 8 aK bRaz-Plus  aPoetry vSiblings aNayler, Sarah eillustrator